000 00442nam a2200169 4500
999 _c13991
_d13991
008 030114s1973 us eng
020 _a0802816665
100 1 _aBarclay, William
245 1 0 _aThe ten commandments for today /
_cWilliam Barclay.
260 _aSan Francisco :
_bHarper & Row,
_cc1973.
300 _a205 p.
336 _atext
337 _aunmediated
338 _avolume
650 4 _aTen commandments.
942 _2lcc
_cBK